[Event "OHRA op"]
[Site "Brussels"]
[Date "1987.??.??"]
[Round "4"]
[White "Karolyi, Tibor Jr"]
[Black "Polgar, Sofia"]
[Result "1-0"]
[WhiteElo "2435"]
[BlackElo "2315"]

1.d4 Nf6 2.Nf3 e6 3.c4 Bb4+ 4.Bd2 c5 5.e3 O-O 6.Bxb4 cxb4 7.Be2 d6 8.O-O Nc6
9.a3 Re8 10.d5 exd5 11.cxd5 Ne7 12.axb4 Nexd5 13.b5 Bf5 14.Nd4 Bg6 15.Qb3 Nb6
16.Nc3 Nbd7 17.Ra3 Ne4 18.Qa2 Qg5 19.Nd5 Rac8 20.Rxa7 Nd2 21.Rd1 Bb1 22.Qa5 Be4
23.Nf4 Nc4 24.Qb4 Nde5 25.Bxc4 Rxc4 26.Qa3 Qg4 27.Re1 Nd3 28.f3 Bxf3 29.Qxd3 Rxd4
30.Qxd4 g5 31.Rf1 Be4 32.Qd2 gxf4 33.Rxf4 Qg5 34.Ra4 d5 35.h3 h5 36.Qf2 Rc8
37.Rd4 Rc5 38.Kh2 Rxb5 39.b4 f5 40.Qg3 Qxg3+ 41.Kxg3 Kh7 42.Kh4 Kg6 43.g4 hxg4
44.hxg4 fxg4 45.Kxg4 Rb6 46.Rfxe4 dxe4 47.Kf4 Kf6 48.Kxe4 Ke6 49.Kd3 Ra6
50.Kc4 Ra3 51.Rd3 Ra1 52.Kc5 Rb1 53.b5 Rb2 54.Rd6+ Ke5 55.Rd7  1-0

[Event "OHRA op"]
[Site "Brussels"]
[Date "1987.??.??"]
[Round "5"]
[White "Polgar, Sofia"]
[Black "Scholz, Guillermo"]
[Result "1-0"]
[WhiteElo "2315"]
[BlackElo "2310"]

1.e4 c6 2.d4 d5 3.exd5 cxd5 4.c4 Nf6 5.Nc3 e6 6.Nf3 Nc6 7.c5 Be7 8.Bb5 Bd7
9.O-O O-O 10.Re1 a6 11.Ba4 b6 12.Bxc6 Bxc6 13.Ne5 Be8 14.b4 a5 15.b5 bxc5
16.a4 Rc8 17.Be3 Bd7 18.dxc5 Bxc5 19.Bxc5 Rxc5 20.Qd4 Qc7 21.Ne2 Rc8 22.h3 Ne4
23.Nf4 Be8 24.Nfd3 Rc3 25.Rac1 Nd6 26.b6 Rxc1  1-0

[Event "OHRA op"]
[Site "Brussels"]
[Date "1987.??.??"]
[Round "6"]
[White "Polgar, Sofia"]
[Black "Kouatly, Bachar"]
[Result "0-1"]
[WhiteElo "2315"]
[BlackElo "2470"]

1.e4 c5 2.Nf3 Nc6 3.d4 cxd4 4.Nxd4 Qb6 5.Nb3 Nf6 6.Nc3 e6 7.Be3 Qc7 8.Bd3 Ne5
9.f3 Bb4 10.O-O Bxc3 11.bxc3 d6 12.Nd4 a6 13.Qe1 h6 14.a4 Bd7 15.Ne2 Nc4
16.Bxc4 Qxc4 17.a5 Bb5 18.Nd4 Qxf1+ 19.Qxf1 Bxf1 20.Kxf1 O-O-O 21.Rb1 Nd7
22.Ke2 Ne5 23.Rb4 Nc6 24.Nxc6 bxc6 25.c4 e5 26.c5 d5 27.Rb6 Kc7 28.exd5 cxd5
29.Rxa6 Ra8 30.Rd6 Rhd8 31.Rxd8 Kxd8 32.Bd2 Kc7 33.Bc3 f6 34.h4 h5 35.g4 hxg4
36.fxg4 Kc6 37.Bb4 Kb5 38.c3 Rxa5  0-1

[Event "OHRA op"]
[Site "Brussels"]
[Date "1987.??.??"]
[Round "7"]
[White "Gutman, Lev"]
[Black "Polgar, Sofia"]
[Result "1-0"]
[WhiteElo "2475"]
[BlackElo "2315"]

1.Nf3 c5 2.g3 Nc6 3.d4 cxd4 4.Nxd4 g6 5.Nxc6 bxc6 6.Bg2 Bg7 7.O-O Nf6 8.Nd2 O-O
9.Nb3 Qc7 10.Bd2 Rb8 11.Ba5 Qe5 12.Bc3 Qh5 13.e4 d6 14.Qxh5 Nxh5 15.e5 dxe5
16.Na5 e4 17.Nxc6 Rb7 18.Na5 Rb5 19.a4 Rc5 20.Nb3 Rc4 21.Bxg7 Kxg7 22.c3 f5
23.Rfd1 Nf6 24.Nd4 Bd7 25.Bf1 Rc7 26.Bb5 Kf7 27.c4 e5 28.Nb3 Be6 29.Rac1 Ra8
30.Rd6 Ke7 31.Ra6 Rb8 32.Na5 Bd5 33.Rd1 Ba8 34.Rdd6 Ng4 35.h3 e3 36.fxe3 Nxe3
37.Re6+ Kf7 38.Rxe5 Nd1 39.Rd6 Nxb2 40.Re2 a6 41.Rxa6 Nd3 42.Nb3 f4 43.Rd6 f3
44.Re3 Nc5 45.Nxc5 Rxc5 46.Kf2 Rbxb5 47.cxb5 Rc2+ 48.Kf1 Rh2 49.Rd7+ Kf6
50.Rd8 Bb7 51.Rf8+ Kg5 52.Rfxf3 Bxf3 53.Rxf3 Ra2 54.Rf4 Ra1+ 55.Ke2 Ra2+  1-0

[Event "Duncan Lawrie Women-Men"]
[Site "London"]
[Date "1988.10.22"]
[Round "1"]
[White "Polgar, Sofia"]
[Black "Westerinen, Heikki MJ"]
[Result "1-0"]
[WhiteElo "2345"]
[BlackElo "2395"]

1.e4 Nc6 2.Nc3 Nf6 3.d4 e6 4.d5 exd5 5.exd5 Ne5 6.Qe2 Qe7 7.d6 cxd6 8.Bg5 Qe6
9.Bxf6 gxf6 10.f4 Ng4 11.Nf3 Bh6 12.Nd4 Qxe2+ 13.Bxe2 Ne3 14.g3 Kd8 15.Kd2 Re8
16.Bd3 b6 17.Rhe1 Ng4 18.Rxe8+ Kxe8 19.Bf5 Ne5 20.Ncb5 Kf8 21.Re1 Bb7 22.Nxd6 Nf3+
23.Nxf3 Bxf3 24.Bxh7 Rd8 25.Bd3 Bg4 26.Kc3 Bg7 27.Bf5 Bf3 28.Kd4 Bc6 29.c4 Ra8
30.b4 a6 31.b5 axb5 32.cxb5 Bf3 33.Bxd7 f5+ 34.Kc4 Bb2 35.Bc6 Rd8 36.Nb7 Rd4+
37.Kb3  1-0

[Event "Duncan Lawrie Women-Men"]
[Site "London"]
[Date "1988.10.24"]
[Round "3"]
[White "Dunnington, Angus J"]
[Black "Polgar, Sofia"]
[Result "1-0"]
[WhiteElo "2280"]
[BlackElo "2345"]

1.Nf3 c5 2.c4 Nc6 3.g3 g6 4.Bg2 Bg7 5.O-O e5 6.Nc3 Nge7 7.Ne1 d6 8.a3 O-O
9.b4 cxb4 10.axb4 Nxb4 11.Ba3 Nbc6 12.Nc2 Be6 13.Ne3 f5 14.Nb5 Nc8 15.Bd5 Bf7
16.Qb3 a6 17.Nc3 f4 18.Qxb7 N8e7 19.Bxc6 Rb8 20.Qxa6 fxe3 21.Bg2 Rb6 22.Qa4 exd2
23.c5 dxc5 24.Bxc5 Rb8 25.Rab1 Qc7 26.Qa3 Rxb1 27.Nxb1 Rd8 28.Nxd2 Rxd2 29.Bxe7 Ra2
30.Qc5 Qxc5 31.Bxc5 Rxe2 32.Bf3 Rc2 33.Be3 h6 34.Rb1 Kh7 35.h4 Be6 36.Rb7 Bf5
37.g4 Bc8 38.Rb6 Rc4 39.h5 Bxg4 40.hxg6+ Kh8 41.Bd5 Rc7 42.Rb8+ Rc8 43.Rb7  1-0

[Event "Duncan Lawrie Women-Men"]
[Site "London"]
[Date "1988.10.25"]
[Round "4"]
[White "Polgar, Sofia"]
[Black "Bellin, Jana"]
[Result "1/2-1/2"]
[WhiteElo "2345"]
[BlackElo "2300"]

1.e4 c6 2.d4 d5 3.exd5 cxd5 4.Bd3 Nc6 5.c3 g6 6.Bf4 Bg7 7.h3 Nf6 8.Nf3 O-O
9.O-O Bf5 10.Bxf5 gxf5 11.Ne5 e6 12.Nd2 Qe7 13.Qf3 Kh8 14.Kh1 Rg8 15.Rae1 Rad8
16.Bg5 Qf8 17.Qf4 Rc8 18.Qh4 Nxe5 19.dxe5 Ne4 20.Nxe4 dxe4 21.Be7 Qe8 22.f3 exf3
23.Rxf3 h6 24.Rf4 Kh7 25.Bd6 Bf8 26.Rd1 Qc6 27.Rf2 Rg5 28.Kh2 Bxd6 29.exd6 Rd8
30.Qd4 Rd7 31.c4 b6 32.b4 Kg6 33.c5 bxc5 34.bxc5 f4 35.h4 Rxc5 36.Rxf4 Rd5
37.Qe4+ Kg7 38.Rg4+ Kf8 39.Rf1 Qxd6+ 40.Kh3 Rd3+ 41.g3 Rd4 42.Rxf7+ Rxf7
43.Qxd4 Qxd4 44.Rxd4 Ke7  1/2-1/2

[Event "Duncan Lawrie Women-Men"]
[Site "London"]
[Date "1988.10.27"]
[Round "6"]
[White "Polgar, Sofia"]
[Black "Hennigan, Michael"]
[Result "0-1"]
[WhiteElo "2345"]
[BlackElo "2295"]

1.e4 Nf6 2.e5 Nd5 3.d4 d6 4.Nf3 g6 5.Bc4 Nb6 6.Bb3 Bg7 7.Ng5 d5 8.f4 f6 9.Nf3 O-O
10.O-O Na6 11.a4 c5 12.c3 cxd4 13.cxd4 Be6 14.Qe1 Nc4 15.Bc2 Rc8 16.Nc3 Nb4
17.Bb1 Nc6 18.b3 N4a5 19.Bc2 Nb4 20.Bd1 Nd3 21.Qd2 Nxf4 22.b4 Nc4 23.Qxf4 fxe5
24.Qh4 e4 25.Re1 Rxf3 26.Ne2 Rf7  0-1

[Event "Duncan Lawrie Women-Men"]
[Site "London"]
[Date "1988.10.30"]
[Round "9"]
[White "Arkell, Keith C"]
[Black "Polgar, Sofia"]
[Result "1/2-1/2"]
[WhiteElo "2430"]
[BlackElo "2345"]

1.d4 Nf6 2.Nf3 c5 3.c3 e6 4.Bf4 cxd4 5.cxd4 b5 6.e3 a6 7.Bd3 Bb7 8.Nbd2 Qb6
9.O-O Nc6 10.Ne4 Nb4 11.Nxf6+ gxf6 12.Bb1 f5 13.Bg3 Rg8 14.a3 Nd5 15.e4 fxe4
16.Bxe4 Nc3 17.bxc3 Bxe4 18.Nd2 Bd5 19.a4 Rc8 20.axb5 axb5 21.Qh5 Qc6 22.Rfc1 h6
23.f3 Rg5 24.Qh4 Bg7 25.Rab1 Kf8 26.Ne4 Bxe4 27.fxe4 Ra8 28.Qf4 Kg8 29.Qf3 f5
30.d5 Qc5+ 31.Qf2 Qxf2+ 32.Bxf2 fxe4 33.dxe6 dxe6 34.c4 bxc4 35.Rxc4 Ra2
36.Rxe4 Be5 37.Rf1 Rf5 38.h3 Kf7 39.g4 Bh2+ 40.Kg2 Rf6 41.Re3 Bf4 42.Rf3 e5
43.Re1 Kg6 44.Kf1 Rd6 45.Bg3 Rd4  1/2-1/2

[Event "Thessaloniki ol (Women)"]
[Site "Thessaloniki"]
[Date "1988.??.??"]
[Round "?"]
[White "Nemcova Fialova, Danuse"]
[Black "Polgar, Sofia"]
[Result "0-1"]
[WhiteElo "2095"]
[BlackElo "2320"]

1.d4 Nf6 2.Nf3 c5 3.c3 cxd4 4.cxd4 b5 5.g3 Bb7 6.Bg2 e6 7.O-O Be7 8.Bf4 O-O
9.a3 Qb6 10.Nc3 a5 11.Rc1 d6 12.Qd3 Bc6 13.Nd2 d5 14.e4 b4 15.axb4 axb4 16.Ne2 Bb5
17.Qe3 Nc6 18.Nb3 dxe4 19.Bxe4 Nxe4 20.Qxe4 Rfd8 21.Rfe1 Ra2 22.Qb1 Qa6 23.Be3 e5
24.Nc5 Bxc5 25.Rxc5 Bxe2 26.Rxc6 Qxc6 27.Qxa2 exd4 28.Qa5 Ra8 29.Qxb4 d3
30.Rc1 Qd7 31.Bd2 Bf3 32.Qf4 Qd5 33.Qc4 Qd7 34.Qf4 Qd5 35.Qc4 Qb7 36.Qc7 Qxc7
37.Rxc7 h5 38.Kf1 Rb8 39.b4 Ra8 40.Ke1 Ra2 41.Rc1 Rb2 42.Rc7 f6 43.Rc1 Kh7
44.Rc7 Kg6 45.Rc5 Kf7 46.Rc7+ Ke6 47.Rc1 Kf5 48.Rc4 g5 49.h4 Bg4 50.Rc6 Ke4
51.Rc4+ Kf3 52.Rc6 Kg2 53.Rc5 gxh4 54.gxh4 Kh3 55.b5 Kxh4 56.Bc3 Re2+ 57.Kf1 d2
58.Bxf6+ Kh3 59.Rc3+ Kh2 60.Be5+ Rxe5  0-1

[Event "Val Maubuee op"]
[Site "Val Maubuee"]
[Date "1988.??.??"]
[Round "?"]
[White "Labarthe, Arnaud"]
[Black "Polgar, Sofia"]
[Result "0-1"]
[WhiteElo "1980"]
[BlackElo "2320"]

1.d4 Nf6 2.c4 c5 3.d5 b5 4.cxb5 a6 5.Nc3 axb5 6.e4 Qa5 7.Bd2 b4 8.e5 bxc3
9.Bxc3 Qa4 10.exf6 gxf6 11.Qxa4 Rxa4 12.f3 Rg8 13.Kf2 Bb7 14.b3 Ra8 15.Bc4 f5
16.Ne2 Na6 17.a3 Nc7 18.Rhd1 d6 19.Ng3 e6 20.Nh5 Be7 21.dxe6 fxe6 22.Ng7+ Kd7
23.Re1 Bd5 24.Bb2 Bxc4 25.bxc4 Rab8 26.Re2 Rxb2 27.Rxb2 Bf6  0-1

[Event "Val Maubuee op"]
[Site "Val Maubuee"]
[Date "1988.??.??"]
[Round "?"]
[White "Carrasco, Patrick"]
[Black "Polgar, Sofia"]
[Result "0-1"]
[WhiteElo "1920"]
[BlackElo "2320"]

1.e4 c5 2.Nf3 d6 3.d4 cxd4 4.Nxd4 Nf6 5.Nc3 e6 6.Be2 Be7 7.O-O O-O 8.Be3 Nc6
9.Nb3 e5 10.f4 exf4 11.Rxf4 Be6 12.Nd5 Ne5 13.Bd3 Nfg4 14.Nxe7+ Qxe7 15.Bd2 Rac8
16.Nd4 Rc7 17.Nf5 Bxf5 18.exf5 Nf6 19.Qf1 Re8 20.Re1 a6 21.Rd4 d5 22.Bb4 Qd7
23.c4 Nc6 24.Rxe8+ Qxe8 25.Qf4 Nxd4 26.Qxc7 Qe3+  0-1

[Event "Val Maubuee op"]
[Site "Val Maubuee"]
[Date "1988.??.??"]
[Round "?"]
[White "Baccot, R."]
[Black "Polgar, Sofia"]
[Result "0-1"]
[WhiteElo "1650"]
[BlackElo "2320"]

1.c4 c5 2.Nc3 Nc6 3.g3 g6 4.Bg2 Bg7 5.Nf3 e5 6.O-O Nge7 7.d3 O-O 8.Bg5 h6
9.Be3 d6 10.Qd2 Kh7 11.Ne1 Be6 12.f4 Qd7 13.Nf3 b6 14.Rad1 Rad8 15.Ne4 f5
16.Nc3 exf4 17.Bxf4 d5 18.cxd5 Nxd5 19.Nxd5 Bxd5 20.a3 Bb3 21.Rc1 Rfe8 22.Rc3 Bxc3
23.Qxc3 Nd4 24.Nxd4 Qxd4+ 25.Qxd4 cxd4 26.Kf2 Rc8 27.Rc1 Rxc1 28.Bxc1 g5
29.Ke1 Rc8 30.Bd2 Rc2 31.Bh3 Kg6 32.g4 f4 33.Bg2 Rxb2 34.Be4+ Kf6 35.Bb4 Rb1+
36.Kf2 Ra1 37.Bf8 a5 38.Bc6 Be6 39.h3 h5 40.Bf3 hxg4 41.hxg4 Rc1 42.Bd6 Rc8
43.a4 Bd7 44.Bb7 Rc2  0-1

[Event "Val Maubuee op"]
[Site "Val Maubuee"]
[Date "1988.??.??"]
[Round "?"]
[White "Renaudin, Jean Philippe"]
[Black "Polgar, Sofia"]
[Result "0-1"]
[WhiteElo "2000"]
[BlackElo "2320"]

1.e4 c5 2.Nc3 Nc6 3.g3 g6 4.Bg2 Bg7 5.d3 d6 6.Be3 e5 7.Qd2 Nd4 8.Nd1 Be6
9.c3 Nc6 10.Nf3 Nge7 11.O-O O-O 12.Ng5 Bd7 13.f4 f6 14.Nf3 Be6 15.Nf2 b6
16.b3 Qd7 17.Rad1 exf4 18.gxf4 d5 19.Qe1 Rad8 20.Kh1 d4 21.cxd4 cxd4 22.Bd2 a5
23.Rg1 Kh8 24.Qe2 b5 25.Nh4 b4 26.Bf3 Na7 27.Rdf1 f5 28.exf5 Nxf5 29.Nxf5 Bxf5
30.Ng4 Rde8 31.Ne5 Qb5 32.Be4 Bxe5 33.fxe5 Rxe5 34.Qg2 Rfe8 35.Bh6 Bxe4 36.dxe4 Qd3
37.Rf7 R5e7 38.Rxe7 Rxe7 39.Rf1 Re8 40.h4 Nc6 41.Kh2 Ne5 42.Kg1 Qa6 43.Qf2 Qe6
44.Qf8+ Rxf8 45.Rxf8+ Qg8 46.Kf1 Qxf8+ 47.Bxf8 Nd3 48.a3 a4 49.Ke2 Nc1+ 50.Kd2 Nxb3+
51.Kd3 bxa3 52.Bxa3 Kg7 53.e5 Kf7 54.Ke4 Ke6 55.Bb4 h6 56.Bd6 g5 57.h5 g4
58.Bb4 g3 59.Kf3 d3  0-1

[Event "Val Maubuee op"]
[Site "Val Maubuee"]
[Date "1988.??.??"]
[Round "?"]
[White "Polgar, Sofia"]
[Black "Valenti, Richard"]
[Result "1-0"]
[WhiteElo "2320"]
[BlackElo "1890"]

1.e4 e5 2.f4 exf4 3.Bc4 d5 4.exd5 Nf6 5.Nc3 Bg4 6.Nf3 Bd6 7.Qe2+ Kf8 8.O-O Nbd7
9.d4 Nb6 10.Bb3 Qd7 11.Ne5 Qf5 12.Nxg4 Nxg4 13.Qf3 g5 14.Ne4 Nxh2 15.Kxh2 g4
16.Qd1 Qxe4 17.Qxg4 f3+ 18.Kh3 Qxg4+ 19.Kxg4 fxg2 20.Bh6+ Ke8 21.Rae1+ Be7
22.Rg1 Rg8+ 23.Kf3 Rg6 24.Bf4 Kd7 25.Rxg2 a5 26.a4 Bd6 27.Rxg6 hxg6 28.Rh1 Re8
29.Rh7 Re7 30.Rg7 Bxf4 31.Kxf4 Kd6 32.c4 c5 33.dxc6 Kxc6 34.Kf3 Re1 35.c5 Nd5
36.Bc4 Re3+ 37.Kf2 Re7 38.Rg8 Re4 39.Rc8+ Kd7 40.Bxd5 Rxd4 41.Bxb7 Rd2+ 42.Ke3 Rxb2
43.c6+ Kd6 44.Ra8 Rb3+ 45.Kd2  1-0

[Event "Val Maubuee op"]
[Site "Val Maubuee"]
[Date "1988.??.??"]
[Round "?"]
[White "Polgar, Sofia"]
[Black "Smart, K."]
[Result "1-0"]
[WhiteElo "2320"]
[BlackElo "1920"]

1.e4 e5 2.f4 Qh4+ 3.g3 Qe7 4.fxe5 d6 5.Nc3 dxe5 6.Bc4 Nf6 7.d3 Be6 8.Nf3 Nbd7
9.Qe2 c6 10.Be3 b5 11.Bxe6 Qxe6 12.a3 h6 13.d4 a6 14.O-O Bd6 15.Rad1 O-O
16.d5 cxd5 17.exd5 Qg4 18.Kg2 Nh5 19.Nh4 Qxe2+ 20.Nxe2 Nhf6 21.Nf5 Ne8 22.Nc3 Ndf6
23.Bxh6 gxh6 24.Nxd6 Nxd6 25.Rxf6 Rad8 26.g4 Kg7 27.Rf3 Rc8 28.Re1 f6 29.h4 Rce8
30.b3 h5 31.Rg3 Kh6 32.g5+ fxg5 33.hxg5+ Kg6 34.Ne4 Nxe4 35.Rxe4 Rf4 36.Rxf4 exf4
37.Rd3 Kxg5 38.d6 Rd8 39.c4 bxc4 40.bxc4 Kf6 41.c5 Ke6 42.Kf3 Kd7 43.Kxf4 Kc6
44.Ke5 Rg8 45.Ke6 Rg6+ 46.Kf7 Rh6 47.d7 Rh8 48.Ke6 Rh6+ 49.Kf5  1-0

[Event "Val Maubuee op"]
[Site "Val Maubuee"]
[Date "1988.??.??"]
[Round "?"]
[White "Polgar, Sofia"]
[Black "Olivier, Pierre"]
[Result "0-1"]
[WhiteElo "2320"]
[BlackElo "2040"]

1.e4 e6 2.d4 d5 3.Nc3 Bb4 4.Ne2 dxe4 5.a3 Bxc3+ 6.Nxc3 Nc6 7.Bb5 Ne7 8.Bg5 f6
9.Be3 O-O 10.Qd2 f5 11.O-O-O a6 12.Bxc6 Nxc6 13.f3 e5 14.d5 Na5 15.Qe2 b5
16.Bc5 Rf7 17.fxe4 f4 18.d6 c6 19.Qh5 Qe8 20.Rd3 Bd7 21.Rhd1 Rf6 22.Qxe8+ Rxe8
23.b3 Nb7 24.b4 a5 25.Kb2 Ree6 26.Ne2 Rh6 27.Bg1 a4 28.g3 fxg3 29.Nxg3 Rxd6
30.Bb6 Rxd3 31.Rxd3 Nd6 32.Bc5 Nc4+ 33.Ka2 Be6 34.Ka1 Rxh2 35.Rf3 h6 36.Rf8+ Kh7
37.Re8 Rg2 38.Nf5 Bxf5 39.exf5 Rg3 40.Re7 Rxa3+ 41.Kb1 Rc3 42.Rf7 Nd2+  0-1

[Event "Bad Mergentheim op"]
[Site "Bad Mergentheim"]
[Date "1989.??.??"]
[Round "?"]
[White "Polgar, Sofia"]
[Black "Mohr, Stefan"]
[Result "1-0"]
[WhiteElo "2335"]
[BlackElo "2485"]

1.e4 g6 2.d4 Bg7 3.Nc3 d6 4.f4 Nc6 5.d5 Nb8 6.Nf3 c6 7.Be3 Nf6 8.Qd2 O-O
9.Be2 b5 10.a3 a6 11.O-O cxd5 12.exd5 Bb7 13.Ne1 Nbd7 14.Bf3 Nb6 15.Bd4 Nc4
16.Qc1 Rc8 17.b3 Nb6 18.Qb2 Bh6 19.Kh1 Bxf4 20.Nd3 Bh6 21.a4 Ba8 22.axb5 axb5
23.Ra6 Nfd7 24.Nb4 Nc5 25.Ra7 e5 26.dxe6 Nxe6 27.Nxb5 Bxf3 28.Rxf3 Nxd4 29.Qxd4 Bg7
30.Qxd6 Qe8 31.Qxb6 Qe1+ 32.Qg1 Qxb4 33.Qf1 f5 34.Rf4 Qd2 35.Rf2 Qd5 36.c4 Qc5
37.Re2 Rfe8 38.Qe1 Qxb5 39.cxb5 Rxe2 40.Qd1 Rce8 41.Ra8 Rxa8 42.Qd5+ Kf8
43.Qxa8+ Re8 44.Qa5 Be5 45.b6 Bb8 46.b7 Kg7 47.Qc3+ Kg8 48.g3 Rf8 49.Qc8 Kg7
50.Kg2 Kg8 51.Kf3 Kg7 52.b4 Kg8 53.b5 Kg7 54.b6 Kg8 55.Ke2 Kg7 56.Kd3 g5
57.Qd7+ Kg8 58.Qe6+ Rf7 59.Qd5 h6 60.Qd8+ Rf8 61.Qc7 f4 62.gxf4 gxf4 63.Ke2 f3+
64.Kf2 Kh8 65.h4  1-0

[Event "Bad Mergentheim op"]
[Site "Bad Mergentheim"]
[Date "1989.??.??"]
[Round "?"]
[White "Polgar, Sofia"]
[Black "Farago, Ivan"]
[Result "0-1"]
[WhiteElo "2335"]
[BlackElo "2495"]

1.e4 e6 2.d4 d5 3.Nc3 Bb4 4.e5 c5 5.a3 Bxc3+ 6.bxc3 Ne7 7.Qg4 O-O 8.Bd3 Nd7
9.Nf3 f5 10.Qh3 Qa5 11.Bd2 Nb6 12.Rg1 Nc4 13.g4 Nxd2 14.Kxd2 cxd4 15.Nxd4 Bd7
16.gxf5 exf5 17.e6 Be8 18.Bxf5 g6 19.Rg2 Rc8 20.Qd3 Nxf5  0-1

[Event "Benidorm op"]
[Site "Benidorm"]
[Date "1989.??.??"]
[Round "?"]
[White "Polgar, Sofia"]
[Black "Brito, Alfredo"]
[Result "0-1"]
[WhiteElo "2295"]
[BlackElo "2360"]

1.e4 e5 2.f4 exf4 3.Bc4 d5 4.exd5 c6 5.Nf3 Bd6 6.O-O cxd5 7.Bb5+ Bd7 8.Bxd7+ Nxd7
9.d4 Ne7 10.Nc3 O-O 11.Kh1 Rc8 12.Ng1 Ng6 13.Nxd5 Qg5 14.Nc3 Nf6 15.g3 Qf5
16.Bxf4 Nxf4 17.gxf4 Nd5 18.Qf3 Nxc3 19.bxc3 Rfe8 20.Rf2 Qe4 21.Rb1 b6 22.Rb5 Rxc3
23.Qxe4 Rxe4 24.Rd5 Bf8 25.f5 Rc6 26.Rd7 a5 27.Nh3 Rd6 28.Rxd6 Bxd6 29.Rd2 Bb4
30.Rd1 Re2 31.Nf4 Rxc2 32.Nd5 Bd6 33.Re1 h5 34.Re8+ Kh7 35.Rd8 Bxh2 36.Rd7 Bg3
37.Rxf7 Kh6 38.f6 gxf6 39.Rxf6+ Kg5 40.Rxb6 h4 41.Rb5 Rd2 42.Rxa5 Kg4 43.Ne3+ Kf4
44.Re5 Kf3 45.Re7 Bf4 46.Nf1 Rd1  0-1

[Event "Leon"]
[Site "Leon"]
[Date "1989.??.??"]
[Round "?"]
[White "Polgar, Sofia"]
[Black "Illescas Cordoba, Miguel"]
[Result "1/2-1/2"]
[WhiteElo "2295"]
[BlackElo "2525"]

1.e4 c5 2.Nf3 e6 3.d4 cxd4 4.Nxd4 a6 5.Nc3 Qc7 6.g3 Nc6 7.Bg2 d6 8.O-O Bd7
9.Re1 Be7 10.Nxc6 Bxc6 11.a4 Nf6 12.Be3 O-O 13.a5 Nd7 14.Na4 Rae8 15.Nb6 f5
16.Nxd7 Qxd7 17.Bb6 fxe4 18.Bxe4 Bf6 19.c3 Bxe4 20.Rxe4 Qc6 21.Qd3 Rf7 22.Rd1 d5
23.Re2 Rd7 24.f4 e5  1/2-1/2

[Event "Leon"]
[Site "Leon"]
[Date "1989.??.??"]
[Round "?"]
[White "Estremera Panos, Sergio"]
[Black "Polgar, Sofia"]
[Result "1-0"]
[WhiteElo "2315"]
[BlackElo "2295"]

1.d4 Nf6 2.c4 c5 3.d5 b5 4.cxb5 a6 5.e3 Bb7 6.Nc3 Qa5 7.bxa6 Nxa6 8.Bd2 Qb6
9.e4 Nc7 10.Nf3 e6 11.dxe6 fxe6 12.Bd3 Be7 13.O-O O-O 14.Qe2 d5 15.e5 Nd7
16.Bg5 Rxf3 17.Bxe7 Rxd3 18.Qxd3 Ba6 19.Qg3 Bxf1 20.Rxf1 Qxb2 21.Bd6 Ne8
22.Qh3 Nxd6 23.Qxe6+ Nf7 24.Qxd7 Qxc3 25.e6 Ne5 26.Qxd5 Re8 27.e7+ Nf7 28.Qd7 Nd6
29.Qxd6 Kf7 30.Qf4+ Kg8 31.Qe4 g6 32.g3 c4 33.Re1 Kg7 34.Qe5+ Qxe5 35.Rxe5 Kf6
36.Rc5 Rxe7 37.Rxc4 g5 38.a4 Re1+ 39.Kg2 Ra1 40.h4 h6 41.Rc6+ Kg7 42.hxg5 hxg5
43.Rc4 Ra2 44.Kf3 Kg6 45.Kg4 Rxf2 46.Rc6+ Kf7 47.Kxg5 Rd2 48.Rf6+ Kg7 49.Rf5 Ra2
50.a5  1-0

[Event "Leon"]
[Site "Leon"]
[Date "1989.??.??"]
[Round "?"]
[White "Campos Moreno, Javier B"]
[Black "Polgar, Sofia"]
[Result "0-1"]
[WhiteElo "2430"]
[BlackElo "2295"]

1.d4 Nf6 2.c4 c5 3.d5 b5 4.cxb5 a6 5.e3 Bb7 6.Nc3 Qa5 7.bxa6 Nxa6 8.Bd2 Qb6
9.e4 e6 10.Nf3 exd5 11.exd5 Nxd5 12.Nxd5 Bxd5 13.Be2 Nc7 14.Bc3 Be7 15.Bxg7 Rg8
16.Be5 d6 17.Bg3 Qb4+ 18.Qd2 Qxd2+ 19.Kxd2 Kd7 20.a3 Bf6 21.Bd3 Bxb2 22.Rab1 Rgb8
23.Ne1 Rxa3 24.Bf5+ Kc6 25.Nc2 Bc3+ 26.Kd3 c4+ 27.Ke2 Rab3 28.Rxb3 Rxb3 29.Rd1 Be5
30.Kf1 h6 31.Ne3 Kc5 32.Bh7 Bxg3 33.hxg3 Be6 34.g4 d5 35.Nf5 Nb5 36.Nxh6 d4
37.Nf5 c3 38.Ng3 f5 39.gxf5 c2  0-1

[Event "Leon"]
[Site "Leon"]
[Date "1989.??.??"]
[Round "?"]
[White "Polgar, Sofia"]
[Black "Pinter, Jozsef"]
[Result "1/2-1/2"]
[WhiteElo "2295"]
[BlackElo "2550"]

1.e4 e5 2.Nf3 Nc6 3.Nc3 Nf6 4.Bb5 Nd4 5.Nxd4 exd4 6.e5 dxc3 7.exf6 Qxf6 8.dxc3 Qe5+
9.Qe2 Qxe2+ 10.Bxe2 d5 11.Bf4 c6 12.O-O-O Be6 13.Rhe1 O-O-O 14.Bd3 Bc5 15.Re2 Rde8
16.Rde1 Bd7 17.Rxe8+  1/2-1/2

[Event "Leon"]
[Site "Leon"]
[Date "1989.??.??"]
[Round "?"]
[White "Polgar, Sofia"]
[Black "Sion Castro, Marcelino"]
[Result "1/2-1/2"]
[WhiteElo "2295"]
[BlackElo "2315"]

1.e4 e6 2.d4 d5 3.Nc3 Bb4 4.Qd3 dxe4 5.Qxe4 Nf6 6.Qh4 Nd5 7.Qxd8+ Kxd8 8.Bd2 Nxc3
9.bxc3 Bd6 10.Nf3 b6 11.Bd3 Bb7 12.Ng5 Ke7 13.O-O Nd7 14.f4 h6 15.Ne4 Nf6
16.Nxd6 cxd6 17.Rae1 Rac8 18.a4 Bd5 19.a5 bxa5 20.Ra1 Ne4 21.Bxe4 Bxe4 22.Rxa5 Rc7
23.Rfa1  1/2-1/2

[Event "Leon"]
[Site "Leon"]
[Date "1989.??.??"]
[Round "?"]
[White "Polgar, Zsuzsa"]
[Black "Polgar, Sofia"]
[Result "1-0"]
[WhiteElo "2510"]
[BlackElo "2295"]

1.Nf3 Nf6 2.g3 g6 3.b3 Bg7 4.Bb2 O-O 5.Bg2 d6 6.d4 e5 7.dxe5 Ng4 8.h3 Nxe5
9.Nxe5 Bxe5 10.Bxe5 dxe5 11.Qxd8 Rxd8 12.Nd2 c6 13.O-O-O Be6 14.Ne4 Na6 15.g4 h6
16.h4 Kg7 17.g5 Nb4 18.Kb2 Nd5 19.e3 b6 20.gxh6+ Kxh6 21.Ng5 b5 22.Bh3 Rf8
23.Nxe6 fxe6 24.Bxe6 Rxf2 25.Bxd5 cxd5 26.Rxd5 Rc8 27.Rc1 a6 28.Rxe5 Rh2
29.Re6 Rxh4 30.Rg1 Rg8 31.Rxa6 Re4 32.Rh1+ Kg5 33.Ra5 Rxe3 34.Rxb5+ Kf6 35.Rf1+  1-0

[Event "New York op"]
[Site "New York"]
[Date "1989.??.??"]
[Round "1"]
[White "Polgar, Sofia"]
[Black "Frias, Victor J"]
[Result "1-0"]
[WhiteElo "2295"]
[BlackElo "2510"]

1.e4 c5 2.Nf3 e6 3.d4 cxd4 4.Nxd4 a6 5.Nc3 Qc7 6.Be2 b5 7.f4 b4 8.Na4 Bb7
9.Bf3 Nf6 10.e5 Ne4 11.Be3 Nc5 12.Nxc5 Bxc5 13.Nxe6 dxe6 14.Bxb7 Qxb7 15.Bxc5 Nd7
16.Bd6 Qxg2 17.Rf1 Rc8 18.Qe2 Qxe2+ 19.Kxe2 Nb6 20.Rfc1 Nc4 21.Bxb4 Nxb2
22.c4 Na4 23.Rab1 Rb8 24.c5 O-O 25.c6 Rfc8 26.c7 Rb5 27.Rd1 Rd5 28.Rxd5 exd5
29.Ba5  1-0

[Event "New York op"]
[Site "New York"]
[Date "1989.??.??"]
[Round "2"]
[White "Gulko, Boris F"]
[Black "Polgar, Sofia"]
[Result "1/2-1/2"]
[WhiteElo "2610"]
[BlackElo "2295"]

1.c4 c5 2.Nf3 Nc6 3.Nc3 g6 4.e3 Bg7 5.d4 d6 6.h3 Nf6 7.d5 Na5 8.Bd3 O-O 9.O-O e5
10.e4 a6 11.Rb1 b6 12.Be3 Rb8 13.b4 Nb7 14.bxc5 Nxc5 15.Nxe5 Nfxe4 16.Nxe4 Bxe5
17.Nxc5 dxc5 18.f4 Bc7 19.Qf3 f5 20.a4 Qd6 21.a5 bxa5 22.Qf2 Rxb1 23.Rxb1 Re8
24.Bxc5 Qxf4 25.Qxf4 Bxf4 26.Bf2 a4 27.c5 Be5 28.Bc4 Kf8 29.d6 a3 30.Rb8 Bd7
31.Rb7 Be6 32.d7 Bxc4 33.c6 Rd8 34.Bc5+ Kf7 35.Bxa3 Bb5 36.c7 Bxc7 37.Rxc7 Rxd7
38.Rxd7+ Bxd7 39.h4 Ke6 40.Kf2 Ke5 41.g3 Ke4 42.Ke2 a5 43.Kd2 Bb5 44.Kc3 h6
45.Bd6 g5 46.hxg5 hxg5 47.Kb2 f4 48.Bxf4  1/2-1/2

[Event "New York op"]
[Site "New York"]
[Date "1989.??.??"]
[Round "3"]
[White "Polgar, Sofia"]
[Black "Browne, Walter S"]
[Result "1/2-1/2"]
[WhiteElo "2295"]
[BlackElo "2535"]

1.e4 c5 2.Nf3 d6 3.d4 cxd4 4.Nxd4 Nf6 5.Nc3 a6 6.Bc4 e6 7.Bb3 b5 8.O-O Be7
9.Qf3 Qc7 10.Qg3 Nc6 11.Nxc6 Qxc6 12.Re1 O-O 13.Bh6 Ne8 14.Nd5 Bd8 15.Nf4 Bf6
16.Nd5 Bd8 17.c3 Bd7 18.a4 Qb7 19.Nb4 bxa4 20.Bxa4 Bxa4 21.Rxa4 Qb5 22.Rea1 a5
23.Nd3 Rc8 24.Bd2 Rc4 25.Rxc4 Qxc4 26.Qe3 Qc6 27.Qd4 Nf6 28.e5 dxe5 29.Nxe5 Qb7
30.c4 Bb6 31.c5 Rd8 32.Qe3 Nd5 33.Qa3 Bc7 34.Nc4 Qb5 35.b3 a4 36.Qxa4 Qxc5
37.Rc1 Qd4 38.Be3 Qh4 39.g3 Qh3 40.Bd4 h5 41.Be5 Bb8 42.Qa8 Bc7 43.Qb7 Bxe5
44.Nxe5 Qf5 45.Nc6 Rf8 46.b4 h4 47.Ne7+ Nxe7 48.Qxe7 h3 49.Qh4 Ra8 50.g4 Qf4
51.Rf1 Ra3 52.Qd8+ Kh7 53.Qh4+ Kg8 54.Qd8+ Kh7 55.Qh4+ Qh6 56.Qxh6+ Kxh6
57.f4 Rb3 58.b5 f5 59.gxf5 exf5 60.Kf2 Rxb5 61.Kg3 Rb3+ 62.Rf3 Rb1 63.Kxh3 Rg1
64.Rf2 Rg4 65.Rf3 g6 66.Rf2 Kg7 67.Rf3 Kf6 68.Rf1 Ke6 69.Re1+ Kd5 70.Re5+ Kd4
71.Rxf5 gxf5  1/2-1/2

[Event "New York op"]
[Site "New York"]
[Date "1989.??.??"]
[Round "5"]
[White "Lein, Anatoly"]
[Black "Polgar, Sofia"]
[Result "1-0"]
[WhiteElo "2485"]
[BlackElo "2295"]

1.d4 Nf6 2.c4 c5 3.d5 b5 4.Nd2 bxc4 5.e4 d6 6.Bxc4 g6 7.b3 Bg7 8.Bb2 O-O
9.Ngf3 Nbd7 10.O-O a5 11.Re1 Nb6 12.a4 Ba6 13.Rb1 Qd7 14.Qc2 Rfb8 15.Bc3 Rb7
16.h3 Qc7 17.Bxa5 Nfd7 18.Bxa6 Rxa6 19.Nc4 Qb8 20.Bd2 Qa8 21.a5 Nc8 22.b4 cxb4
23.Bxb4 Na7 24.Na3 Nb5 25.Nxb5 Rxb5 26.Bd2 Rxb1 27.Rxb1 Nc5 28.Rb5 h6 29.Bb4 Nd7
30.Qc7 Ra7 31.Qc6 Kf8 32.a6 Ne5 33.Qxa8+ Rxa8 34.a7 Nd7 35.Rb7 Ke8 36.Ba5 Bf6
37.Bc7  1-0